000 02008nam a2200301Ia 4500
003 OSt
005 20210503104906.0
008 210310s2005 ck ad gr 000 0 spa d
020 _a9586823636
040 _aCO-JCMR
_cCO-JCMR
041 0 _aspa
082 0 4 _a334 /
_bA662r
_223
100 1 _aArango, Miguel,
_915442
_eautor
245 1 0 _aReflexiones sobre el aporte social y económico del sector cooperativo colombiano /
_cMiguel Arango, Mauricio Cárdenas, Beatriz Marulanda [y 1 más]
250 _aPrimera edición
260 _aBogotá :
_bFedesarrollo,
_c2005
300 _a x, 100 páginas :
_bilustraciones y gráficas a blanco y negro ;
_c23 cm.
490 0 _aCuadernos Fedesarrollo ;
_v15
500 _aIncluye notas a pie de página.
504 _aBibliografía: páginas 87-89
505 0 _aMarco general -- Marco conceptual del estudio -- El sector cooperativo en Colombia -- Aporte económico y social del cooperativismo
520 3 _aEl aporte del sector cooperativo de colombiano, cuyo valor agregado representó 0.84 % del PIB en 2003 y cuenta con presencia en 617 municipios de Colombia, sobrepasa el ámbito económico. Este sector apoya la creación y conformación del capital social nacional y además ayuda a compensar fallas de ciertos mercados, como el financiero. Adicionalmente, las cooperativas tienen impacto tanto en el ámbito micro de la comunidad en donde desarrolla sus actividades, cómo en el ámbito macro al aportar al desarrollo económico y social de Colombia. El presente estudios analiza los anteriores aspectos con base en la información disponible. En particular, el trabajo dimensiona el aporte económico y social del cooperativismo, identifica las determinantes del sector y analiza los aspectos que construyen sus fortalezas y debilidades.
650 1 4 _aCooperativismo
_915444
650 2 4 _aCooperativas
_zColombia
_937341
700 1 _aCárdenas, Mauricio,
_eautor
_916662
700 1 _aMarulanda, Beatriz,
_eautora
_937342
942 _2ddc
_cBK
999 _c7782
_d7782